000 01291cam a22003733a 4500
001 407
003 FISKH
005 20230410090455.0
008 040818t20042002nyu j 000 1 eng d
010 _a 2004596282
035 _a(OCoLC)ocm54836808
040 _aEOW
_cEOW
_dCHY
_dDLC
_dFISKH
_beng
042 _alccopycat
050 0 0 _aPZ7
082 _a823.92
100 1 _aLuckett, Dave,
_d1951-
245 1 4 _aThe girl, the apprentice, and the dogs of iron /
_cDave Luckett.
250 _a1st American ed.
260 _aNew York :
_bScholastic.
_c2004.
300 _a115 pages. ;
_c20 cm.
490 0 _aThe Rhianna chronicles ;
_vbk. 2
500 _aOriginally published in Australia in 2002 by Omnibus Books, under the title: Rhianna and the dogs of iron.
521 8 _a670
_bLexile
521 8 _aM
_bRaz-Plus
650 0 _aMagic
_vJuvenile fiction.
650 0 _aWizards
_vJuvenile fiction.
655 7 _aChildren's stories.
_2lcsh
655 7 _aFantasy fiction.
_2gsafd
710 2 _aCopyright Paperback Collection (Library of Congress)
_5DLC
856 4 2 _3Publisher description
_uhttp://www.loc.gov/catdir/description/schol051/2004596282.html
906 _a7
_bcbc
_ccopycat
_d2
_encip
_f20
_gy-genrareb
942 _2lcc
_cBK
_n0
999 _c407
_d407